The belief of christendom : (Record no. 10688)

MARC details
000 -LEADER
fixed length control field 00730nam a2200181Ia 4500
008 - FIXED-LENGTH DATA ELEMENTS--GENERAL INFORMATION
fixed length control field 081213s9999 xx 000 0 und d
020 ## - INTERNATIONAL STANDARD BOOK NUMBER
Terms of availability 0281028257
050 ## - LIBRARY OF CONGRESS CALL NUMBER
Classification number BT999
Item number .B87 1959
100 ## - MAIN ENTRY--PERSONAL NAME
Personal name Burnaby, John
245 ## - TITLE STATEMENT
Title The belief of christendom :
Remainder of title a commentary on the Nicene Creed
Statement of responsibility, etc John Burnaby
260 ## - PUBLICATION, DISTRIBUTION, ETC. (IMPRINT)
Date of publication, distribution, etc 1959
Place of publication, distribution, etc London :
Name of publisher, distributor, etc SPCK
300 ## - PHYSICAL DESCRIPTION
Extent 224 p.
Dimensions 21 cm
500 ## - GENERAL NOTE
General note includes index of Biblical references
650 ## - SUBJECT ADDED ENTRY--TOPICAL TERM
Topical term following geographic name as entry element Creed
942 ## - ADDED ENTRY ELEMENTS (KOHA)
Item type Book
Source of classification or shelving scheme Library of Congress Classification
Holdings
Withdrawn status Lost status Source of classification or shelving scheme Damaged status Not for loan Home library Current library Date acquired Total Checkouts Full call number Barcode Date last borrowed Copy number Price effective from Koha item type Total Renewals
    Library of Congress Classification     Bishop Okullu Memorial Library (Limuru Campus) Bishop Okullu Memorial Library (Limuru Campus) 09/03/2009 1 BT999 .B87 1959 002811 29/06/2019 1 09/03/2009 Book  
    Library of Congress Classification     Bishop Okullu Memorial Library (Limuru Campus) Nairobi Campus 09/03/2009 3 BT999 .B87 1959 002812 06/06/2016 2 09/03/2009 Book 1